01274nam a2200349 i 450000100060000000300080000600500170001400600190003100700150005000800410006502000180010603500220012404000310014605000230017708000100020008200160021010000190022624500480024526400360029330000400032933600310036933700330040033800430043358801270047659001640060365000150076765000160078265500270079879700190082585600630084499900170090737340FlNmELB20241216221506.0m o d | cr cnu||||||||180209s2006 ag o 000 0 spa d z9781413564808 a(OCoLC)1130236613 aFINmELBbspaerdacFINmELB 4aHV6431bC5482 2006 a316.40 a303.6252231 aChomsky, Noam.13aEl terrorismo en el espejo /cNoam Chomsky. 1aBuenos Aires :bNAC&POP,c2006. a1 recurso en línea (39 páginas) atextobtxt2rdacontent/spa acomputadorabc2rdamedia/spa arecurso en líneabcr2rdacarrier/spa aDescripción basada en recurso en línea; Título de la página del título en PDF (e-libro, visto February 9, 2018). aRecurso electrónico. Santa Fe, Arg.: e-libro, 2018. Disponible vía World Wide Web. El acceso puede estar limitado para las bibliotecas afiliadas a e-libro. 0aTerrorism. 4aTerrorismo. 4aLibros electrónicos.2 ae-libro, Corp.40uhttps://elibro.net/ereader/politecnicointernacional/101992 c37340d37340